000 00501nam a2200133 4500
999 _c9165
_d9165
008 180413b ||||| |||| 00| 0 eng d
082 _aDPer 050 Dec 2015-Mar 2016 T48 v186-187
100 _927364
_aVella, Matt.
245 _aThe increasingly compelling case for why you shouldn't be allowed to drive/
_cMatt Vella.
260 _aNew York:
_bTime Inc.,
_c©Dec 2015-Mar 2016.
300 _av187 n8, pages 24-29:
_billustrations;
_c27 cm.
650 0 _927365
_aAutomobile drivers.
942 _2ddc
_cPER